<?xml version="1.0" encoding="UTF-8"?>
<record
    xmlns:xsi="http://www.w3.org/2001/XMLSchema-instance"
    xsi:schemaLocation="http://www.loc.gov/MARC21/slim http://www.loc.gov/standards/marcxml/schema/MARC21slim.xsd"
    xmlns="http://www.loc.gov/MARC21/slim">

  <leader>02800cjm a2200649 a 4500</leader>
  <controlfield tag="001">645782</controlfield>
  <controlfield tag="003">CO-ViMGA</controlfield>
  <controlfield tag="005">20230915224422.0</controlfield>
  <controlfield tag="007">sz?usnbnnmpled</controlfield>
  <controlfield tag="008">050615s2003    ck muna  d     z 1  spa d</controlfield>
  <datafield tag="015" ind1=" " ind2=" ">
    <subfield code="a">ck-2003-xxxx</subfield>
  </datafield>
  <datafield tag="028" ind1="0" ind2="1">
    <subfield code="a">018285-2 </subfield>
    <subfield code="b">MTM</subfield>
  </datafield>
  <datafield tag="035" ind1=" " ind2=" ">
    <subfield code="a">AJD5871 LA</subfield>
  </datafield>
  <datafield tag="040" ind1=" " ind2=" ">
    <subfield code="a">CO-ViMGA</subfield>
    <subfield code="b">spa</subfield>
    <subfield code="c">CO-ViMGA</subfield>
  </datafield>
  <datafield tag="041" ind1="0" ind2=" ">
    <subfield code="a">spa</subfield>
  </datafield>
  <datafield tag="044" ind1=" " ind2=" ">
    <subfield code="a">s-ck---</subfield>
  </datafield>
  <datafield tag="047" ind1=" " ind2=" ">
    <subfield code="a">fm</subfield>
  </datafield>
  <datafield tag="048" ind1=" " ind2=" ">
    <subfield code="a">oz</subfield>
  </datafield>
  <datafield tag="084" ind1=" " ind2=" ">
    <subfield code="a">P VEL8</subfield>
  </datafield>
  <datafield tag="100" ind1="1" ind2=" ">
    <subfield code="a">Velosa Ruiz, Jorge, </subfield>
    <subfield code="d">1949-</subfield>
    <subfield code="9">8019</subfield>
  </datafield>
  <datafield tag="245" ind1="1" ind2="0">
    <subfield code="a">Lero, lero, candelero </subfield>
    <subfield code="h">[registro sonoro] : </subfield>
    <subfield code="b">Velosa y los Carrangueros / </subfield>
    <subfield code="c">Jorge Velosa.</subfield>
  </datafield>
  <datafield tag="260" ind1=" " ind2=" ">
    <subfield code="a">[Bogot&#xE1;] : </subfield>
    <subfield code="b">MTM, </subfield>
    <subfield code="c">2003.</subfield>
  </datafield>
  <datafield tag="300" ind1=" " ind2=" ">
    <subfield code="a">1 compact disc son. (ca. 45 min.) : </subfield>
    <subfield code="b">estereo ; </subfield>
    <subfield code="c">12 cm + </subfield>
    <subfield code="e">1 folleto (13 p.)</subfield>
  </datafield>
  <datafield tag="505" ind1="0" ind2=" ">
    <subfield code="a">La gallina mellicera ; Don&#x324;de estar&#xE1;n tantan ; La rumba de los animales ; Lero, lero, candelero , El marranito ; Cuando yo me ba&#xF1;o ; La rumba de las flores ; La cucharita ; Como le ha ido, com&#x324;o le va ; El chirimoy&#x324;ilo y la guayaba ; Los trabalenguas ; Las diez pulguitas ; El mo&#xF1;o de las vocales ; Mocoqueco ; Tilingo tilango ; El chichirochio ; Las adivinanzas del Jajajay ; La rumba del bosque ; las diabluras</subfield>
  </datafield>
  <datafield tag="511" ind1="0" ind2=" ">
    <subfield code="a">Los Carrangueros de Raquira ; Jorge Gonzalez Virviescas, requinto y voz ; Luis Alberto Aljure Lis, tiple, tambor ; Jose Fernando Rivas Gom&#x324;ez, guitarra, voz ; Jorge Velosa Ruiz, primera voz, guacharaca.</subfield>
  </datafield>
  <datafield tag="650" ind1=" " ind2="4">
    <subfield code="a">Guasca (M&#xFA;sica)</subfield>
    <subfield code="v"> Compact disc.</subfield>
    <subfield code="9">13821</subfield>
  </datafield>
  <datafield tag="650" ind1=" " ind2="4">
    <subfield code="a">M&#xFA;sica colombiana</subfield>
    <subfield code="v"> Compact disc.</subfield>
    <subfield code="9">8292</subfield>
  </datafield>
  <datafield tag="650" ind1=" " ind2="6">
    <subfield code="a">Canciones infantiles</subfield>
    <subfield code="z"> Colombia</subfield>
    <subfield code="v"> Compact disc.</subfield>
    <subfield code="9">13823</subfield>
  </datafield>
  <datafield tag="650" ind1=" " ind2="6">
    <subfield code="a">M&#xFA;sica infantil colombiana</subfield>
    <subfield code="v"> Compact disc.</subfield>
    <subfield code="9">13822</subfield>
  </datafield>
  <datafield tag="700" ind1="1" ind2=" ">
    <subfield code="a">Aljure Luis, Alberto, </subfield>
    <subfield code="d">1958-, </subfield>
    <subfield code="m">tiple.</subfield>
    <subfield code="9">13825</subfield>
  </datafield>
  <datafield tag="700" ind1="1" ind2=" ">
    <subfield code="a">Gonzal&#x300;ez Virviescas, Jorge Eliecer, </subfield>
    <subfield code="d">1956-, </subfield>
    <subfield code="m">requinto.</subfield>
    <subfield code="9">13824</subfield>
  </datafield>
  <datafield tag="700" ind1="1" ind2=" ">
    <subfield code="a">Rivas Gomez, Jose Fernando, </subfield>
    <subfield code="m">guitarra.</subfield>
    <subfield code="9">13826</subfield>
  </datafield>
  <datafield tag="700" ind1="1" ind2=" ">
    <subfield code="a">Velosa Ruiz, Jorge, </subfield>
    <subfield code="d">1949-, </subfield>
    <subfield code="m">guacharaca.</subfield>
    <subfield code="9">13827</subfield>
  </datafield>
  <datafield tag="700" ind1="1" ind2=" ">
    <subfield code="a">Velosa Ruiz, Jorge, </subfield>
    <subfield code="d">1949-, </subfield>
    <subfield code="m">primera voz.</subfield>
    <subfield code="9">13828</subfield>
  </datafield>
  <datafield tag="710" ind1="2" ind2=" ">
    <subfield code="a">Los Carrangueros de Raquira (Grupo musical).</subfield>
    <subfield code="9">13829</subfield>
  </datafield>
  <datafield tag="740" ind1="0" ind2="2">
    <subfield code="a">Com&#x324;o le ha ido, com&#x324;o le va.</subfield>
  </datafield>
  <datafield tag="740" ind1="0" ind2="2">
    <subfield code="a">Cuando yo me ba&#xF1;o.</subfield>
  </datafield>
  <datafield tag="740" ind1="0" ind2="2">
    <subfield code="a">Dn&#x324;de estaran tantan.</subfield>
  </datafield>
  <datafield tag="740" ind1="0" ind2="2">
    <subfield code="a">La gallina mellicera.</subfield>
  </datafield>
  <datafield tag="740" ind1="0" ind2="2">
    <subfield code="a">Lero, lero, candelero.</subfield>
  </datafield>
  <datafield tag="740" ind1="0" ind2="2">
    <subfield code="a">Mocoqueco.</subfield>
  </datafield>
  <datafield tag="740" ind1="0" ind2="2">
    <subfield code="a">Tilingo tilango.</subfield>
  </datafield>
  <datafield tag="740" ind1="3" ind2="2">
    <subfield code="a">El chichirochio.</subfield>
  </datafield>
  <datafield tag="740" ind1="3" ind2="2">
    <subfield code="a">El chirimy&#x324;ilo y la guayaba.</subfield>
  </datafield>
  <datafield tag="740" ind1="3" ind2="2">
    <subfield code="a">El marranito.</subfield>
  </datafield>
  <datafield tag="740" ind1="3" ind2="2">
    <subfield code="a">El mo&#xF1;o de las vocales.</subfield>
  </datafield>
  <datafield tag="740" ind1="3" ind2="2">
    <subfield code="a">La cucharita.</subfield>
  </datafield>
  <datafield tag="740" ind1="3" ind2="2">
    <subfield code="a">La rumba de las flores.</subfield>
  </datafield>
  <datafield tag="740" ind1="3" ind2="2">
    <subfield code="a">La rumba de los animales.</subfield>
  </datafield>
  <datafield tag="740" ind1="3" ind2="2">
    <subfield code="a">La rumba del bosque.</subfield>
  </datafield>
  <datafield tag="740" ind1="4" ind2="2">
    <subfield code="a">Las adivinanzas del jajajay.</subfield>
  </datafield>
  <datafield tag="740" ind1="4" ind2="2">
    <subfield code="a">Las diabluras.</subfield>
  </datafield>
  <datafield tag="740" ind1="4" ind2="2">
    <subfield code="a">Las diez pulguitas.</subfield>
  </datafield>
  <datafield tag="740" ind1="4" ind2="2">
    <subfield code="a">Los trabalenguas.</subfield>
  </datafield>
  <datafield tag="942" ind1=" " ind2=" ">
    <subfield code="2">ddc</subfield>
    <subfield code="c">CD</subfield>
  </datafield>
  <datafield tag="949" ind1=" " ind2=" ">
    <subfield code="a">c      </subfield>
    <subfield code="b">c</subfield>
  </datafield>
  <datafield tag="999" ind1=" " ind2=" ">
    <subfield code="c">11912</subfield>
    <subfield code="d">11912</subfield>
  </datafield>
  <datafield tag="952" ind1=" " ind2=" ">
    <subfield code="0">0</subfield>
    <subfield code="1">0</subfield>
    <subfield code="2">ddc</subfield>
    <subfield code="4">0</subfield>
    <subfield code="7">0</subfield>
    <subfield code="8">001</subfield>
    <subfield code="a">MEVIGACOM</subfield>
    <subfield code="b">MEVIGACOM</subfield>
    <subfield code="d">2019-06-12</subfield>
    <subfield code="l">0</subfield>
    <subfield code="o">P VEL8</subfield>
    <subfield code="p">32920</subfield>
    <subfield code="r">2019-06-12 00:00:00</subfield>
    <subfield code="t">ej. 2</subfield>
    <subfield code="w">2019-06-12</subfield>
    <subfield code="y">CD</subfield>
  </datafield>
  <datafield tag="952" ind1=" " ind2=" ">
    <subfield code="0">0</subfield>
    <subfield code="1">0</subfield>
    <subfield code="2">ddc</subfield>
    <subfield code="4">0</subfield>
    <subfield code="7">0</subfield>
    <subfield code="8">008</subfield>
    <subfield code="a">MEVIECAR</subfield>
    <subfield code="b">MEVIECAR</subfield>
    <subfield code="d">2019-06-12</subfield>
    <subfield code="l">0</subfield>
    <subfield code="o">P VEL8</subfield>
    <subfield code="p">03.12856</subfield>
    <subfield code="r">2019-06-12 00:00:00</subfield>
    <subfield code="t">ej. 1</subfield>
    <subfield code="w">2019-06-12</subfield>
    <subfield code="y">CD</subfield>
  </datafield>
  <datafield tag="952" ind1=" " ind2=" ">
    <subfield code="0">0</subfield>
    <subfield code="1">0</subfield>
    <subfield code="2">ddc</subfield>
    <subfield code="4">0</subfield>
    <subfield code="7">0</subfield>
    <subfield code="8">GEN</subfield>
    <subfield code="a">MESGUARO</subfield>
    <subfield code="b">MESGUARO</subfield>
    <subfield code="c">GEN</subfield>
    <subfield code="d">2024-07-16</subfield>
    <subfield code="l">0</subfield>
    <subfield code="o">P VEL8</subfield>
    <subfield code="p">SG01956</subfield>
    <subfield code="r">2024-07-16 15:41:05</subfield>
    <subfield code="t">Ej.1</subfield>
    <subfield code="w">2024-07-16</subfield>
    <subfield code="y">CD</subfield>
  </datafield>
</record>
